Marcas de Coches mas comunes en España ¡MUERTE SUBITA! - Estadísticas

Estadísticas generales
  • Esta prueba ha sido intentada 1.164 veces
  • La puntuación promedio es 2 de 9
Answers on the Grid
Answers color-coded by a green-red scale on the quiz's grid according to % correct below.
Dacia
Ford
Jeep
Seat
Peugeot
Bugatti
Cupra
Citroen
Ferrari
OPEL
Honda
Renault
FIAT
Hyunadi
Suzuki
Geely
KIA
Nissan
Audi
Subaru
Lexus
Volkswagen
 
Estadísticas de respuestas
Respuesta % Correcto
Seat
47%
Renault
33%
Volkswagen
30%
Citroen
29%
Audi
23%
Dacia
23%
KIA
21%
Nissan
14%
Hyunadi
13%
No se encontraron pruebas coincidentes
Distribución de puntuación
Porcentaje de gente con cada puntuación
Porcentaje por número respondido
Historial de tus puntuaciones
No has intentado esta prueba.